[Event "Mecklenburg VP-chA"]
[Site "Greifswald"]
[Date "2024.03.25"]
[Round "5"]
[White "Kist, Eike Andreas"]
[Black "Schulz, Karsten"]
[Result "1/2-1/2"]
[WhiteElo "1923"]
[BlackElo "2247"]
[PlyCount "128"]
[EventDate "2024.03.23"]
[EventType "swiss"]
[EventRounds "7"]
[EventCountry "GER"]
[SourceTitle "CB14_2024"]
[SourceDate "2024.04.01"]
[SourceVersion "1"]
[SourceVersionDate "2024.04.01"]
[SourceQuality "1"]

1. e4 c6 2. d4 d5 3. Nc3 dxe4 4. Nxe4 Bf5 5. Ng3 Bg6 6. h4 h6 7. Nf3 Nd7 8. h5 Bh7 9. Bd3 Bxd3 10. Qxd3 Ngf6 11. Bd2 e6 12. 0-0-0 Qc7 13. Kb1 0-0-0 14. Qe2 Bd6 15. Ne4 Nxe4 16. Qxe4 Rhe8 17. Qg4 Rg8 18. Rhe1 Nf6 19. Qh3 c5 20. Be3 Nd5 21. c4 Nxe3 22. fxe3 Kb8 23. d5 exd5 24. cxd5 Rge8 25. Qg4 f6 26. Qc4 Qf7 27. g4 f5 28. Rf1 Rxe3 29. Nh4 Qe8 30. Nxf5 Qe4+ 31. Qxe4 Rxe4 32. Nxg7 Rxg4 33. Nf5 Rg5 34. Nxh6 Rxh5 35. Nf7 Rd7 36. Nxd6 Rxd6 37. Rf8+ Kc7 38. Rf7+ Rd7 39. Rxd7+ Kxd7 40. Kc2 Kd6 41. a4 Rxd5 42. Rh1 Kc6 43. Kc3 Rf5 44. Rh7 Rf3+ 45. Kc2 Kb6 46. b3 Ka6 47. Rg7 b6 48. Rh7 Ka5 49. Rh4 a6 50. Rg4 Rf6 51. Kc3 Rf2 52. Rh4 b5 53. axb5 axb5 54. Rh8 Rf3+ 55. Kb2 Kb4 56. Rh4+ c4 57. bxc4 Rf2+ 58. Kc1 bxc4 59. Rh3 Ra2 60. Rg3 Ra5 61. Rh3 Rd5 62. Rg3 c3 63. Rg8 Kc4 64. Kc2 Rd2+ 1/2-1/2

[Event "GER-ch Rapid Amateurs"]
[Site "Dinkelsbuehl"]
[Date "2023.11.12"]
[Round "6"]
[White "Kocharin, Timur"]
[Black "Schulz, Karsten"]
[Result "0-1"]
[WhiteElo "2135"]
[BlackElo "2282"]
[PlyCount "92"]
[EventDate "2023.11.11"]
[EventType "swiss (rapid)"]
[EventRounds "9"]
[EventCountry "GER"]
[SourceTitle "CB47_2023"]
[SourceDate "2023.11.22"]
[SourceVersion "1"]
[SourceVersionDate "2023.11.22"]
[SourceQuality "1"]

1. e4 d6 2. d4 Nf6 3. Nc3 e5 4. Nf3 exd4 5. Nxd4 Be7 6. g3 0-0 7. Bg2 Re8 8. 0-0 Bf8 9. h3 c6 10. a4 a5 11. b3 Nbd7 12. Ba3 Nc5 13. Re1 Qb6 14. Qd2 Bd7 15. Rad1 Rad8 16. Qf4 Bc8 17. Nf5 Bxf5 18. Qxf5 Re5 19. Qf4 Rde8 20. Kh2 d5 21. Bb2 dxe4 22. Nxe4 Rxe4 23. Bxe4 Rxe4 24. Rxe4 Ncxe4 25. Kg2 h6 26. Re1 Qb4 27. Re2 b5 28. f3 Bd6 29. Be5 Bxe5 30. Qxe5 Ng5 31. h4 Ne6 32. Qb8+ Kh7 33. axb5 cxb5 34. Qb7 Nd4 35. Rf2 Qc3 36. Qxf7 Nxc2 37. h5 Ne3+ 38. Kh2 Qe5 39. Qg6+ Kh8 40. Ra2 a4 41. bxa4 bxa4 42. f4 Neg4+ 43. Kg1 Qd4+ 44. Kf1 Qd1+ 45. Kg2 Qd5+ 46. Kg1 Qxa2 0-1

[Event "GER-ch Rapid Amateurs"]
[Site "Dinkelsbuehl"]
[Date "2023.11.11"]
[Round "3"]
[White "Schulz, Karsten"]
[Black "Heidenfeld, Mark"]
[Result "1-0"]
[WhiteElo "2282"]
[BlackElo "2323"]
[PlyCount "73"]
[EventDate "2023.11.11"]
[EventType "swiss (rapid)"]
[EventRounds "9"]
[EventCountry "GER"]
[SourceTitle "CB47_2023"]
[SourceDate "2023.11.22"]
[SourceVersion "1"]
[SourceVersionDate "2023.11.22"]
[SourceQuality "1"]

1. Nf3 d6 2. c4 e5 3. Nc3 f5 4. d4 e4 5. Ng5 h6 6. Nh3 g5 7. e3 Nf6 8. Be2 Be6 9. d5 Bf7 10. Nb5 c6 11. dxc6 bxc6 12. Nd4 Qd7 13. f4 exf3 14. gxf3 d5 15. Bd3 f4 16. Bf5 Bb4+ 17. Bd2 Qe7 18. Bxb4 Qxb4+ 19. Qd2 Qxd2+ 20. Kxd2 fxe3+ 21. Kxe3 0-0 22. c5 Re8+ 23. Kd2 Nbd7 24. Rac1 Ne5 25. b3 Nh5 26. Nf2 a5 27. Nd3 a4 28. Nxe5 Rxe5 29. b4 Be8 30. Rhe1 Rxe1 31. Rxe1 Ng7 32. Rxe8+ Nxe8 33. Nxc6 Nc7 34. Nd4 Rb8 35. a3 Nb5 36. Nxb5 Rxb5 37. c6 1-0

[Event "Bamberg op 4th"]
[Site "Bamberg"]
[Date "2022.07.29"]
[Round "4"]
[White "Schulz, Karsten"]
[Black "Wachinger, Nikolas"]
[Result "0-1"]
[WhiteElo "2281"]
[BlackElo "2437"]
[PlyCount "78"]
[EventDate "2022.07.27"]
[EventType "swiss"]
[EventRounds "9"]
[EventCountry "GER"]
[SourceTitle "EXT 2023"]
[Source "ChessBase"]
[SourceDate "2022.10.05"]
[SourceVersion "1"]
[SourceVersionDate "2022.10.05"]
[SourceQuality "1"]

1. c4 e5 2. g3 c6 3. d4 e4 4. Nc3 d5 5. cxd5 cxd5 6. Qb3 Nc6 7. Qxd5 Qxd5 8. Nxd5 Nxd4 9. Nc7+ Kd8 10. Nxa8 Nc2+ 11. Kd1 Nxa1 12. Bh3 Bc5 13. Bf4 Nf6 14. Kc1 Nd5 15. Kb1 Nxf4 16. gxf4 Bxf2 17. Bxc8 Kxc8 18. Kxa1 Kb8 19. Nh3 Be3 20. Rd1 Rc8 21. Ng5 Rc1+ 22. Rxc1 Bxc1 23. Nxe4 Bxf4 24. h3 Kxa8 25. Kb1 Kb8 26. Kc2 Kc7 27. Kd3 f5 28. Nc5 Be5 29. b3 Kc6 30. Ne6 Kd5 31. Ng5 Bf6 32. Nxh7 Be7 33. Ke3 g5 34. Kf3 Ke5 35. e3 b6 36. b4 b5 37. a3 a6 38. Kf2 Ke6 39. Kf3 Kf7 0-1

[Event "Neubrandenburg-chA"]
[Site "Neubrandenburg"]
[Date "2022.04.12"]
[Round "7"]
[White "Luther, Alexander"]
[Black "Schulz, Karsten"]
[Result "0-1"]
[WhiteElo "2077"]
[BlackElo "2301"]
[PlyCount "36"]
[EventDate "2022.04.09"]
[EventType "swiss"]
[EventRounds "7"]
[EventCountry "GER"]
[SourceTitle "CBM 207 Extra"]
[Source "ChessBase"]
[SourceDate "2022.05.31"]
[SourceVersion "1"]
[SourceVersionDate "2022.05.31"]
[SourceQuality "1"]

1. d4 d6 2. e4 Nf6 3. f3 e5 4. Ne2 exd4 5. Nxd4 Be7 6. Nc3 0-0 7. Be3 d5 8. e5 c5 9. exf6 Bxf6 10. Qd2 cxd4 11. Bxd4 Re8+ 12. Be2 Bxd4 13. Qxd4 Nc6 14. Qd2 Bf5 15. 0-0 Qb6+ 16. Kh1 d4 17. Nd5 Qd8 18. Nb4 Nxb4 0-1

[Event "Neubrandenburg-chA"]
[Site "Neubrandenburg"]
[Date "2022.04.11"]
[Round "6"]
[White "Schulz, Karsten"]
[Black "Fromm, Marius"]
[Result "1/2-1/2"]
[WhiteElo "2301"]
[BlackElo "2341"]
[PlyCount "24"]
[EventDate "2022.04.09"]
[EventType "swiss"]
[EventRounds "7"]
[EventCountry "GER"]
[SourceTitle "CBM 207 Extra"]
[Source "ChessBase"]
[SourceDate "2022.05.31"]
[SourceVersion "1"]
[SourceVersionDate "2022.05.31"]
[SourceQuality "1"]

1. c4 c5 2. g3 Nc6 3. Bg2 g6 4. Nc3 Bg7 5. e3 e5 6. Nge2 Nge7 7. d3 0-0 8. 0-0 d6 9. b3 Rb8 10. Bb2 a6 11. Qd2 b5 12. Nd5 Be6 1/2-1/2

[Event "Neubrandenburg-chA"]
[Site "Neubrandenburg"]
[Date "2022.04.10"]
[Round "3"]
[White "Westphal, Wolfgang"]
[Black "Schulz, Karsten"]
[Result "1/2-1/2"]
[WhiteElo "2145"]
[BlackElo "2301"]
[PlyCount "20"]
[EventDate "2022.04.09"]
[EventType "swiss"]
[EventRounds "7"]
[EventCountry "GER"]
[SourceTitle "CBM 207 Extra"]
[Source "ChessBase"]
[SourceDate "2022.05.31"]
[SourceVersion "1"]
[SourceVersionDate "2022.05.31"]
[SourceQuality "1"]

1. e4 e6 2. Nf3 d5 3. e5 c5 4. b4 b6 5. c3 Nc6 6. a3 Nge7 7. d4 c4 8. h4 f6 9. exf6 gxf6 10. g3 e5 1/2-1/2

[Event "Neubrandenburg-chA"]
[Site "Neubrandenburg"]
[Date "2022.04.09"]
[Round "2"]
[White "Schulz, Karsten"]
[Black "Tovmasyan, Minas"]
[Result "1-0"]
[WhiteElo "2301"]
[BlackElo "1846"]
[PlyCount "79"]
[EventDate "2022.04.09"]
[EventType "swiss"]
[EventRounds "7"]
[EventCountry "GER"]
[SourceTitle "CBM 207 Extra"]
[Source "ChessBase"]
[SourceDate "2022.05.31"]
[SourceVersion "1"]
[SourceVersionDate "2022.05.31"]
[SourceQuality "1"]

1. Nf3 b6 2. g3 Bb7 3. Bg2 c5 4. c4 g6 5. Nc3 Bg7 6. 0-0 Nf6 7. Re1 0-0 8. e4 d6 9. d4 cxd4 10. Nxd4 Nbd7 11. e5 dxe5 12. Bxb7 exd4 13. Bxa8 dxc3 14. Bg2 cxb2 15. Bxb2 Re8 16. Bc6 Qc7 17. Bb5 e5 18. Ba3 Re6 19. Bxd7 Nxd7 20. Rc1 Bf8 21. Bxf8 Kxf8 22. Qd5 Nc5 23. Rcd1 Kg7 24. Qa8 e4 25. Rd8 Qe7 26. Re3 Rd6 27. Rxd6 Qxd6 28. Qxa7 Qd1+ 29. Kg2 Nd3 30. Qxb6 Ne1+ 31. Rxe1 Qxe1 32. Qd4+ Kg8 33. c5 Qe2 34. c6 Qf3+ 35. Kg1 e3 36. Qxe3 Qxc6 37. h4 h5 38. Qa7 Qc1+ 39. Kh2 g5 40. Qe3 1-0

[Event "Oberliga Nord N 2122"]
[Site "Germany"]
[Date "2022.04.03"]
[Round "8.2"]
[White "Schulz, Karsten"]
[Black "Zimmermann, Julian"]
[Result "1/2-1/2"]
[WhiteElo "2301"]
[BlackElo "2287"]
[PlyCount "75"]
[EventDate "2021.10.31"]
[EventType "team-tourn"]
[EventRounds "9"]
[EventCountry "GER"]
[SourceTitle "EXT 2023"]
[Source "ChessBase"]
[SourceDate "2022.10.05"]
[SourceVersion "1"]
[SourceVersionDate "2022.10.05"]
[SourceQuality "1"]
[WhiteTeam "Schwerin"]
[BlackTeam "Hamburg Koenigsspringer"]
[WhiteTeamCountry "GER"]
[BlackTeamCountry "GER"]

1. Nf3 Nf6 2. g3 g6 3. b3 Bg7 4. Bb2 0-0 5. Bg2 d5 6. c4 Nc6 7. 0-0 d4 8. b4 d3 9. b5 Nb4 10. exd3 Nxd3 11. Bc3 Ne4 12. Bxg7 Kxg7 13. Qe2 Nec5 14. Nc3 Bg4 15. Ne4 Ne6 16. Qe3 a6 17. Neg5 Qd6 18. Nxe6+ Bxe6 19. Nd4 Bxc4 20. Bxb7 e5 21. Nf3 axb5 22. Bxa8 Rxa8 23. a3 f6 24. Ne1 Nc5 25. d3 Bd5 26. Nc2 Nb3 27. Rab1 c5 28. Rb2 Rd8 29. Rfb1 c4 30. dxc4 bxc4 31. Rd1 Qc7 32. Qc3 Ba8 33. Rxd8 Qxd8 34. Ne3 Nd4 35. Qxc4 Nf3+ 36. Kf1 Nd2+ 37. Rxd2 Qxd2 38. Qc7+ 1/2-1/2

[Event "Oberliga Nord N 2122"]
[Site "Germany"]
[Date "2021.11.21"]
[Round "2.2"]
[White "Schulz, Karsten"]
[Black "Schroeder, Christoph"]
[Result "1-0"]
[WhiteElo "2297"]
[BlackElo "2136"]
[PlyCount "81"]
[EventDate "2021.10.31"]
[EventType "team-tourn"]
[EventRounds "9"]
[EventCountry "GER"]
[SourceTitle "EXT 2023"]
[Source "ChessBase"]
[SourceDate "2022.10.05"]
[SourceVersion "1"]
[SourceVersionDate "2022.10.05"]
[SourceQuality "1"]
[WhiteTeam "Schwerin"]
[BlackTeam "Johanneum Eppendorf"]
[WhiteTeamCountry "GER"]
[BlackTeamCountry "GER"]

1. Nf3 d5 2. g3 Nf6 3. Bg2 e6 4. 0-0 Be7 5. c4 dxc4 6. Na3 0-0 7. Nxc4 b6 8. Nfe5 Nd5 9. e4 Nf6 10. d4 Bb7 11. Qc2 Nbd7 12. Rd1 Qc8 13. Be3 Nxe5 14. Nxe5 c5 15. d5 Rd8 16. Bh3 Qc7 17. Nxf7 Kxf7 18. Bxe6+ Kf8 19. f4 g6 20. Bd4 Kg7 21. Be5 Bd6 22. Bxf6+ Kxf6 23. Qc3+ Ke7 24. e5 Kf8 25. exd6 Qg7 26. Qe5 Bc8 27. Re1 Bd7 28. Re3 Bb5 29. Rae1 Re8 30. Rf3 Rad8 31. f5 Qxe5 32. fxg6+ Kg7 33. Rxe5 hxg6 34. Rf7+ Kh6 35. Rxa7 Rxd6 36. Re4 Rf8 37. Rh4+ Kg5 38. Rah7 Rf1+ 39. Kg2 Rb1 40. Rf4 Rxb2+ 41. Kf3 1-0

[Event "Oberliga Nord N 2122"]
[Site "Germany"]
[Date "2021.10.31"]
[Round "1.3"]
[White "Schulz, Karsten"]
[Black "Andersen, Jens Knud"]
[Result "1/2-1/2"]
[WhiteElo "2297"]
[BlackElo "2153"]
[PlyCount "48"]
[EventDate "2021.10.31"]
[EventType "team-tourn"]
[EventRounds "9"]
[EventCountry "GER"]
[SourceTitle "EXT 2023"]
[Source "ChessBase"]
[SourceDate "2022.10.05"]
[SourceVersion "1"]
[SourceVersionDate "2022.10.05"]
[SourceQuality "1"]
[WhiteTeam "Schwerin"]
[BlackTeam "Hamburg Schachfreunde"]
[WhiteTeamCountry "GER"]
[BlackTeamCountry "GER"]

1. Nf3 d5 2. g3 g6 3. c4 dxc4 4. Qa4+ Nc6 5. Qxc4 e5 6. Nc3 Bg7 7. Bg2 Be6 8. Qa4 h6 9. 0-0 Nge7 10. d3 0-0 11. Bd2 f5 12. a3 Nd4 13. Nxd4 exd4 14. Na2 c6 15. Qc2 Bd5 16. Bxd5+ Nxd5 17. Qb3 Qb6 18. Qxb6 axb6 19. Nb4 Rfe8 20. Nxd5 cxd5 21. Rfe1 Rac8 22. Rac1 Rxc1 23. Rxc1 Rxe2 24. Rc2 Kf7 1/2-1/2

[Event "Oberliga Nord N 1920"]
[Site "Germany"]
[Date "2021.08.15"]
[Round "9.2"]
[White "Ostrovskiy, Andrey"]
[Black "Schulz, Karsten"]
[Result "1-0"]
[WhiteElo "2422"]
[BlackElo "2302"]
[PlyCount "41"]
[EventDate "2019.09.29"]
[EventType "team-tourn"]
[EventRounds "9"]
[EventCountry "GER"]
[SourceTitle "EXT 2023"]
[Source "ChessBase"]
[SourceDate "2022.10.05"]
[SourceVersion "1"]
[SourceVersionDate "2022.10.05"]
[SourceQuality "1"]
[WhiteTeam "Norderstedt"]
[BlackTeam "Schwerin SF"]
[WhiteTeamCountry "GER"]
[BlackTeamCountry "GER"]

1. e4 d6 2. d4 Nf6 3. f3 e5 4. d5 Be7 5. Be3 Nh5 6. c4 Bg5 7. Bf2 0-0 8. Nc3 g6 9. g3 f5 10. exf5 gxf5 11. f4 Nxf4 12. gxf4 Bxf4 13. Nh3 Bh6 14. Qh5 Bg7 15. Bh4 Qe8 16. Qxe8 Rxe8 17. Rg1 Kh8 18. Be2 f4 19. Ng5 Rf8 20. Bh5 h6 21. Nf7+ 1-0

[Event "GER-ch Blitz"]
[Site "Magdeburg"]
[Date "2021.08.01"]
[Round "11"]
[White "Baldauf, Marco"]
[Black "Schulz, Karsten"]
[Result "1-0"]
[WhiteElo "2511"]
[BlackElo "2302"]
[PlyCount "85"]
[EventDate "2021.08.01"]
[EventType "tourn (blitz)"]
[EventRounds "29"]
[EventCountry "GER"]
[EventCategory "5"]
[SourceTitle "CBM 203 Extra"]
[Source "ChessBase"]
[SourceDate "2021.09.30"]
[SourceVersion "1"]
[SourceVersionDate "2021.09.30"]
[SourceQuality "1"]

1. d4 g6 2. e4 Bg7 3. c4 d6 4. Nc3 e5 5. Nge2 Ne7 6. Be3 Nd7 7. Qd2 0-0 8. f3 f5 9. d5 a6 10. Nc1 Nf6 11. Nd3 c5 12. dxc6 bxc6 13. 0-0-0 d5 14. exd5 cxd5 15. Nxe5 Be6 16. c5 Qa5 17. Bd4 Rfc8 18. Kb1 Rab8 19. Nxd5 Qd8 20. Nb6 Rc7 21. Bc4 Bxc4 22. Nexc4 Qf8 23. Rhe1 Nc6 24. Bf2 h6 25. Nd6 Rd8 26. Ka1 Kh7 27. Qc2 Nd7 28. Nxd7 Rcxd7 29. Re2 Qf6 30. Qa4 Rb8 31. Rdd2 Ne5 32. Bd4 Re7 33. f4 Qh4 34. fxe5 Qxh2 35. Qd1 a5 36. a3 a4 37. Bc3 Qf4 38. Rd4 Qg3 39. Rd3 Qf4 40. e6 Bxc3 41. Rxc3 Qg4 42. Rd2 Qg3 43. Rxg3 1-0

[Event "GER-ch Blitz"]
[Site "Magdeburg"]
[Date "2021.08.01"]
[Round "2"]
[White "Burian, Simon"]
[Black "Schulz, Karsten"]
[Result "0-1"]
[WhiteElo "2143"]
[BlackElo "2302"]
[PlyCount "82"]
[EventDate "2021.08.01"]
[EventType "tourn (blitz)"]
[EventRounds "29"]
[EventCountry "GER"]
[EventCategory "5"]
[SourceTitle "CBM 203 Extra"]
[Source "ChessBase"]
[SourceDate "2021.09.30"]
[SourceVersion "1"]
[SourceVersionDate "2021.09.30"]
[SourceQuality "1"]

1. e4 g6 2. d4 Bg7 3. Bc4 d6 4. Nf3 Nf6 5. Qe2 0-0 6. e5 Ne8 7. h3 c5 8. c3 cxd4 9. cxd4 Nc6 10. 0-0 Nc7 11. Nc3 dxe5 12. dxe5 Be6 13. Bf4 Bxc4 14. Qxc4 Ne6 15. Bg3 Qa5 16. Rfe1 Rac8 17. Qh4 Qb4 18. Qxb4 Nxb4 19. Rad1 Rfd8 20. Bh4 Kf8 21. Kf1 h6 22. Bg3 b6 23. a3 Nd3 24. Re2 Nxb2 25. Rxd8+ Nxd8 26. Nb5 Rc1+ 27. Ne1 Nd3 28. Nxa7 e6 29. f3 Ke8 30. Re3 Nc5 31. Nb5 Nc6 32. Nd6+ Kf8 33. f4 g5 34. fxg5 hxg5 35. Rf3 Nxe5 36. Bxe5 Bxe5 37. Nxf7 Bc3 38. Nxg5+ Ke7 39. Re3 e5 40. Ne4 Bxe1 41. Nxc5 Bd2+ 0-1

[Event "GER-ch Blitz"]
[Site "Magdeburg"]
[Date "2021.08.01"]
[Round "27"]
[White "Hirneise, Jens"]
[Black "Schulz, Karsten"]
[Result "1/2-1/2"]
[WhiteElo "2289"]
[BlackElo "2302"]
[PlyCount "107"]
[EventDate "2021.08.01"]
[EventType "tourn (blitz)"]
[EventRounds "29"]
[EventCountry "GER"]
[EventCategory "5"]
[SourceTitle "CBM 203 Extra"]
[Source "ChessBase"]
[SourceDate "2021.09.30"]
[SourceVersion "1"]
[SourceVersionDate "2021.09.30"]
[SourceQuality "1"]

1. e4 e6 2. d4 b6 3. Nc3 Bb7 4. Nf3 g6 5. Be3 Bg7 6. Qd2 d6 7. 0-0-0 a6 8. h4 h6 9. h5 g5 10. d5 e5 11. Ne2 Nd7 12. Ng3 Ne7 13. Nh2 b5 14. Ng4 f6 15. f3 Nb6 16. Bxb6 cxb6 17. Ne3 Qc7 18. Kb1 Bc8 19. c4 bxc4 20. Bxc4 0-0 21. Rc1 Qa7 22. Bd3 b5 23. Rc2 Bd7 24. Rhc1 Rac8 25. a3 Rfd8 26. Ngf5 Nxf5 27. exf5 Bf8 28. Ng4 Kg7 29. g3 Qd4 30. Be4 Qb6 31. f4 Be7 32. fxe5 dxe5 33. Ne3 Bc5 34. Ng4 Bd6 35. Ne3 Bc5 36. Ng4 Bd4 37. Rxc8 Rxc8 38. Rxc8 Bxc8 39. Qc2 Bd7 40. b4 a5 41. Qd2 axb4 42. Qxb4 Bc5 43. Qc3 Qd6 44. Ka2 Bc8 45. Ne3 Ba6 46. Nc2 Bb7 47. Qb3 Qb6 48. Qc3 Ba6 49. Nb4 Bb7 50. g4 Ba8 51. Nc6 Bxc6 52. dxc6 Bd6 53. Qb3 Qc5 54. Bd5 1/2-1/2

[Event "GER-ch Blitz"]
[Site "Magdeburg"]
[Date "2021.08.01"]
[Round "4"]
[White "Koelle, Tobias"]
[Black "Schulz, Karsten"]
[Result "1-0"]
[WhiteElo "2312"]
[BlackElo "2302"]
[PlyCount "101"]
[EventDate "2021.08.01"]
[EventType "tourn (blitz)"]
[EventRounds "29"]
[EventCountry "GER"]
[EventCategory "5"]
[SourceTitle "CBM 203 Extra"]
[Source "ChessBase"]
[SourceDate "2021.09.30"]
[SourceVersion "1"]
[SourceVersionDate "2021.09.30"]
[SourceQuality "1"]

1. Nf3 g6 2. e4 Bg7 3. Nc3 d6 4. Bc4 Nf6 5. a3 0-0 6. 0-0 c6 7. Ba2 d5 8. d3 Bg4 9. h3 Bxf3 10. Qxf3 e6 11. Bg5 Nbd7 12. Rfe1 Qc7 13. Rad1 h6 14. Bf4 Qb6 15. Na4 Qa5 16. Bb3 Qd8 17. c4 b5 18. Nc3 d4 19. Ne2 e5 20. Bc1 Nc5 21. Ba2 a5 22. Bd2 Qb6 23. b3 Rfe8 24. g4 Ne6 25. Rb1 b4 26. a4 c5 27. Rbd1 Qd6 28. Bb1 Ng5 29. Qg2 Ne6 30. Bc2 Rf8 31. Rf1 h5 32. Rde1 Kh7 33. f4 exf4 34. Nxf4 Nxf4 35. Bxf4 Qe6 36. e5 Nd7 37. gxh5 gxh5 38. Bd1 Rg8 39. Qe4+ f5 40. exf6+ Qxe4 41. Rxe4 Bxf6+ 42. Kh2 Raf8 43. Ree1 Bd8 44. Bd6 Rxf1 45. Rxf1 Rg6 46. Rf7+ Rg7 47. Bxh5 Rxf7 48. Bxf7 Kg7 49. Be6 Nf8 50. Bf5 Kf6 51. Bxf8 1-0

[Event "GER-ch Blitz"]
[Site "Magdeburg"]
[Date "2021.08.01"]
[Round "21"]
[White "Kopylov, Michael"]
[Black "Schulz, Karsten"]
[Result "1-0"]
[WhiteElo "2392"]
[BlackElo "2302"]
[PlyCount "59"]
[EventDate "2021.08.01"]
[EventType "tourn (blitz)"]
[EventRounds "29"]
[EventCountry "GER"]
[EventCategory "5"]
[SourceTitle "CBM 203 Extra"]
[Source "ChessBase"]
[SourceDate "2021.09.30"]
[SourceVersion "1"]
[SourceVersionDate "2021.09.30"]
[SourceQuality "1"]

1. d4 g6 2. Nf3 Bg7 3. g3 d5 4. Bg2 Nf6 5. c4 c6 6. Qb3 Qb6 7. Nc3 dxc4 8. Qxc4 0-0 9. 0-0 Na6 10. e4 Be6 11. Qe2 Bg4 12. Be3 Qd8 13. Rfd1 Nc7 14. h3 Bxf3 15. Bxf3 a6 16. Rac1 Nb5 17. Na4 Nd7 18. Bg2 Qa5 19. b3 Rac8 20. Kh2 Rfd8 21. e5 e6 22. Bg5 Re8 23. Qe4 Nc7 24. Bd2 Qb5 25. Bf1 Qd5 26. Qh4 Nxe5 27. dxe5 Qxe5 28. Bf4 Qf6 29. Qxf6 Bxf6 30. Nb6 1-0

[Event "GER-ch Blitz"]
[Site "Magdeburg"]
[Date "2021.08.01"]
[Round "7"]
[White "Schulz, Karsten"]
[Black "Baskin, Robert"]
[Result "0-1"]
[WhiteElo "2302"]
[BlackElo "2390"]
[PlyCount "128"]
[EventDate "2021.08.01"]
[EventType "tourn (blitz)"]
[EventRounds "29"]
[EventCountry "GER"]
[EventCategory "5"]
[SourceTitle "CBM 203 Extra"]
[Source "ChessBase"]
[SourceDate "2021.09.30"]
[SourceVersion "1"]
[SourceVersionDate "2021.09.30"]
[SourceQuality "1"]

1. Nf3 Nf6 2. c4 g6 3. b3 Bg7 4. Bb2 0-0 5. g3 d5 6. Bg2 Nc6 7. cxd5 Nxd5 8. Bxg7 Kxg7 9. 0-0 Bg4 10. Nc3 Nb6 11. h3 Bxf3 12. Bxf3 Qd7 13. Bg2 Rad8 14. d3 e5 15. Qc2 Nd4 16. Qb2 c6 17. Rfd1 h5 18. Ne4 Rfe8 19. Rac1 h4 20. e3 Nb5 21. a4 Nd6 22. Nc5 Qe7 23. g4 Kg8 24. b4 Nd7 25. Ne4 Nxe4 26. Bxe4 Nf6 27. Bg2 Nd5 28. b5 cxb5 29. Qxb5 Qd7 30. Qxd7 Rxd7 31. d4 e4 32. Rc5 f5 33. Bf1 Kg7 34. Bb5 Red8 35. Bxd7 Rxd7 36. gxf5 gxf5 37. Rdc1 Kf6 38. Rb1 f4 39. Rbb5 a6 40. Rxd5 Rg7+ 41. Rg5 Rxg5+ 42. Rxg5 Kxg5 43. a5 fxe3 44. fxe3 Kf5 45. Kf2 Ke6 46. Ke2 Kd5 47. Kd2 Kc4 48. Kc2 Kb4 49. d5 Kc5 50. Kc3 Kxd5 51. Kb4 Kd6 52. Kc4 Kc6 53. Kd4 Kb5 54. Kxe4 Kxa5 55. Kf4 b5 56. e4 b4 57. e5 b3 58. e6 b2 59. e7 b1Q 60. e8Q Qb4+ 61. Kf3 Qb3+ 62. Kg4 Qa4+ 63. Qxa4+ Kxa4 64. Kxh4 Kb4 0-1

[Event "GER-ch Blitz"]
[Site "Magdeburg"]
[Date "2021.08.01"]
[Round "28"]
[White "Schulz, Karsten"]
[Black "Bluebaum, Matthias"]
[Result "0-1"]
[WhiteElo "2302"]
[BlackElo "2674"]
[PlyCount "78"]
[EventDate "2021.08.01"]
[EventType "tourn (blitz)"]
[EventRounds "29"]
[EventCountry "GER"]
[EventCategory "5"]
[SourceTitle "CBM 203 Extra"]
[Source "ChessBase"]
[SourceDate "2021.09.30"]
[SourceVersion "1"]
[SourceVersionDate "2021.09.30"]
[SourceQuality "1"]

1. Nf3 d5 2. c4 d4 3. g3 c5 4. b4 cxb4 5. a3 b3 6. Qxb3 Nc6 7. Bg2 e5 8. d3 Be7 9. 0-0 Nf6 10. Nbd2 0-0 11. a4 Nd7 12. Ba3 Nc5 13. Bxc5 Bxc5 14. a5 a6 15. Qa4 Bd7 16. Nb3 Be7 17. Qa2 Bb4 18. Nfd2 Bc3 19. Rad1 Rb8 20. Ne4 Bxa5 21. Nxa5 Nxa5 22. Ra1 Nc6 23. Qa3 a5 24. Rfb1 b6 25. Qd6 Re8 26. Qa3 Qc7 27. Nd6 Re6 28. Nb5 Qd8 29. Bd5 Rf6 30. Bg2 Nb4 31. Rxb4 axb4 32. Qxb4 Bc6 33. Ra7 Ra8 34. Bxc6 Rxc6 35. Rxa8 Qxa8 36. Qe7 Re6 37. Qc7 h5 38. h4 e4 39. Nxd4 Qa1+ 0-1

[Event "GER-ch Blitz"]
[Site "Magdeburg"]
[Date "2021.08.01"]
[Round "22"]
[White "Schulz, Karsten"]
[Black "Frischmann, Rick"]
[Result "0-1"]
[WhiteElo "2302"]
[BlackElo "2347"]
[PlyCount "106"]
[EventDate "2021.08.01"]
[EventType "tourn (blitz)"]
[EventRounds "29"]
[EventCountry "GER"]
[EventCategory "5"]
[SourceTitle "CBM 203 Extra"]
[Source "ChessBase"]
[SourceDate "2021.09.30"]
[SourceVersion "1"]
[SourceVersionDate "2021.09.30"]
[SourceQuality "1"]

1. Nf3 d5 2. g3 Nc6 3. Bg2 Bg4 4. h3 Bh5 5. c4 e6 6. cxd5 exd5 7. d3 Qd7 8. Qa4 0-0-0 9. 0-0 f6 10. Kh2 Bf7 11. Nc3 Kb8 12. Bd2 g5 13. Rab1 h5 14. b4 Bd6 15. b5 Nce7 16. Be3 Nc8 17. Nd4 Nb6 18. Nc6+ bxc6 19. bxc6 Qe8 20. Bd4 Ne7 21. Rfc1 Qxc6 22. Qa6 Qb7 23. Qa5 Nc6 24. Bxb6 cxb6 25. Qa4 Ne7 26. Nb5 h4 27. Nd4 hxg3+ 28. fxg3 g4 29. Qb3 gxh3 30. Bf3 Rhg8 31. a4 Rxg3 32. Kh1 h2 33. a5 Rdg8 34. axb6 Rg1+ 35. Rxg1 hxg1Q+ 36. Rxg1 Rxg1+ 37. Kxg1 Qxb6 38. Qc3 Bc5 39. e3 Bxd4 40. exd4 Nc6 41. Qa3 Qxd4+ 42. Kg2 Ne5 43. Qf8+ Kc7 44. Qe7+ Kb6 45. Qxf6+ Kb5 46. Qd8 Nxf3 47. Qd7+ Kb4 48. Qb7+ Kc3 49. Qc6+ Kxd3 50. Qa6+ Ke3 51. Qa3+ Qd3 52. Qc5+ Nd4 53. Qe7+ Qe4+ 0-1

[Event "GER-ch Blitz"]
[Site "Magdeburg"]
[Date "2021.08.01"]
[Round "18"]
[White "Schulz, Karsten"]
[Black "Kopylov, Daniel"]
[Result "1-0"]
[WhiteElo "2302"]
[BlackElo "2303"]
[PlyCount "57"]
[EventDate "2021.08.01"]
[EventType "tourn (blitz)"]
[EventRounds "29"]
[EventCountry "GER"]
[EventCategory "5"]
[SourceTitle "CBM 203 Extra"]
[Source "ChessBase"]
[SourceDate "2021.09.30"]
[SourceVersion "1"]
[SourceVersionDate "2021.09.30"]
[SourceQuality "1"]

1. Nf3 Nf6 2. c4 g6 3. b3 Bg7 4. Bb2 0-0 5. g3 c5 6. Bg2 Nc6 7. 0-0 d5 8. cxd5 Nxd5 9. Bxg7 Kxg7 10. d4 cxd4 11. Nxd4 Nxd4 12. Qxd4+ Nf6 13. Qe5 Qb6 14. Nc3 Bd7 15. Qxe7 Rfe8 16. Qa3 Bc6 17. Rac1 h5 18. Qb2 Kg8 19. e3 h4 20. Ne2 Bxg2 21. Kxg2 Qe6 22. Qd4 h3+ 23. Kg1 Rad8 24. Qh4 Qf5 25. Nd4 Qe4 26. Qxe4 Nxe4 27. Rc7 Nd2 28. Rfc1 Nf3+ 29. Nxf3 1-0